000 00797cab a2200253 4500
001 WB3036-50
008 090401t1994 xxu||||| |||| 00| 0 eng d
035 _a(Sirsi) u58307
041 _aeng
245 _aHeathrow terminal five
260 _c1994
350 _a0
490 _aIndependent on Sunday
_v25 September 1994, 6(2)
520 _aThe date for the public inquiry into the proposed fifth terminal at Heathrow is set for 16 May 1995. 3,800 people have already submitted objections. Includes map.
650 _aBAA PLC
650 _aBRITISH AIRWAYS
650 _aHACAN
650 _aHEATHROW AIRPORT
650 _aHEATHROW ASSOCIATION FOR THE CONTROL OF AIRCRAFT NOISE
650 _aTERMINAL 5
690 _aPLANNING LAW AND PRACTICE
942 _n0
948 _c04/03/1997
999 _c35583
_d35583